| 000 | 00576nam a2200217Ia 4500 | ||
|---|---|---|---|
| 005 | 20140407131847.0 | ||
| 008 | 140130s9999 xx 000 0 und d | ||
| 020 | _a9788953911895 | ||
| 050 |
_aPZ 7 _b.H7424No 2003 |
||
| 100 |
_aHoltzman, Caren. _931417 |
||
| 245 |
_cCaren Holtzman _aNo fair (w/cd) / |
||
| 260 |
_bScholastic Inc., _cc2003. _aUSA : |
||
| 300 |
_a30 p. : _bcol. ill. ; _c23 cm. |
||
| 440 | _v1 | ||
| 521 | _aBR | ||
| 526 | _cBR | ||
| 650 |
_aMathematics _xFiction. _931418 |
||
| 650 |
_aFairness _xFiction. _931419 |
||
| 942 |
_cBK _2lcc |
||
| 999 |
_c41691 _d41691 |
||